000 02590nam1a2200373 4500
001 RU\NLR\BIBL_A\022762395
005 20260429164951.0
035 _a(NLR Aleph) 022762395
090 _a13693442
_c13693442
100 _a20260323d2025 k y0rusy50 ca
101 0 _arus
_deng
102 _aRU
105 _a z
181 0 _ai3
_baxxe
182 0 _an
200 1 _aЭкономико-правовые и управленческие аспекты взаимодействия региона, университета и сообществ: новые реалии
_ecборник статей Южного академического форума с международным участием (ЮАФ-2025), 16-17 мая 2025 г.
_eв 3-х ч.
_fМинистерство науки и высшего образования Российской Федерации, Федеральное государственное бюджетное образовательное учреждение высшего образования "Кабардино-Балкарский государственный университет им. Х. М. Бербекова"
_gредакционная коллегия: Ю. К. Альтудов [и др.]
203 _aТекст
_bвизуальный
_cнепосредственный
210 _aНальчик
_cКБГУ
_d2025
215 _d21
300 _aРез. англ.
320 _aБиблиогр. в конце ст.
606 1 _aЭкономика
_jСъезды, совещания и т.п
_91414491
_3RU\NLR\AUTH\66284709
606 1 _aПраво
_jСъезды, совещания и т.п
_9894779
_3RU\NLR\AUTH\664055
686 1 _aУ.я431
686 1 _aХ.я431
702 1 _aАльтудов
_bЮ. К.
_gЮрий Камбулатович
_4340
711 1 2 _a"Экономико-правовые и управленческие аспекты взаимодействия региона, университета и сообществ: новые реалии", южный академический форум с международным участием
_eНальчик
_f2025
_92703064
_3RU\NLR\AUTH\880640792
712 0 2 _4475
_aКабардино-Балкарский государственный университет им. Х. М. Бербекова
_cНальчик
_9344685
_3RU\NLR\AUTH\889924422
852 _aNLR
_j2026-3/5848
942 _cBOOK
980 _aNB